Sổ theo dõi cho vay
সংরক্ষণ করুন:
| বিন্যাস: | গ্রন্থ |
|---|---|
| ভাষা: | Undetermined |
| বিষয়গুলি: | |
| ট্যাগগুলো: |
ট্যাগ যুক্ত করুন
কোনো ট্যাগ নেই, প্রথমজন হিসাবে ট্যাগ করুন!
|
| Thư viện lưu trữ: | Trung tâm Học liệu Trường Đại học Cần Thơ |
|---|
| LEADER | 00378nam a2200133Ia 4500 | ||
|---|---|---|---|
| 001 | CTU_148404 | ||
| 008 | 210402s9999 xx 000 0 und d | ||
| 020 | |c 4000 | ||
| 082 | |a 651.3 | ||
| 082 | |b S450 | ||
| 245 | 0 | |a Sổ theo dõi cho vay | |
| 650 | |a Office management,Quản trị văn phòng | ||
| 904 | |i Tuyến | ||
| 980 | |a Trung tâm Học liệu Trường Đại học Cần Thơ | ||